Name the 100 Biggest Cities Without a Map - Statistics

General Stats
  • This quiz has been taken 32 times
  • The average score is 61 of 100
Answer Stats
Hint Answer % Correct
Japan Tokyo
100%
China Beijing
96%
Egypt Cairo
96%
India Mumbai
96%
India Delhi
93%
Mexico Mexico City
93%
Brazil Rio de Janeiro
93%
Brazil Sao Paulo
93%
China Shanghai
93%
Argentina Buenos Aires
89%
Turkey Istanbul
89%
Russia Moscow
89%
Japan Osaka
89%
Nigeria Lagos
86%
France Paris
86%
UK London
82%
Colombia Bogota
79%
Bangladesh Dhaka
79%
DRC Kinshasa
79%
USA New York City
79%
Russia St Petersburg
79%
Indonesia Jakarta
75%
South Africa Johannesburg
75%
Pakistan Karachi
75%
Peru Lima
75%
Spain Madrid
75%
Philippines Manila
75%
South Korea Seoul
75%
India Bangalore
71%
Thailand Bangkok
71%
Spain Barcelona
71%
Vietnam Hanoi
71%
India Kolkata
71%
Pakistan Lahore
71%
Canada Toronto
71%
China Xi An
71%
China Guangzhou
68%
Saudi Arabia Riyadh
68%
Australia Sydney
68%
China Wuhan
68%
Iraq Baghdad
64%
South Africa Cape Town
64%
India Chennai
64%
China Hangzhou
64%
Vietnam Ho Chi Minh City
64%
China Hong Kong
64%
Angola Luanda
64%
Kenya Nairobi
64%
Singapore Singapore
64%
Iran Tehran
64%
Egypt Alexandria
61%
Turkey Ankara
61%
India Hyderabad
61%
Australia Melbourne
61%
China Nanjing
61%
Myanmar Yangon
61%
Ivory Coast Abidjan
57%
Ethiopia Addis Ababa
57%
Brazil Brasilia
57%
China Chengdu
57%
China Chongqing
57%
Tanzania Dar es Salaam
57%
Mexico Guadalajara
57%
Sudan Khartoum
57%
Malaysia Kuala Lumpur
57%
China Shenzhen
57%
Bangladesh Chittagong
54%
Nigeria Kano
54%
Japan Nagoya
54%
Chile Santiago
54%
China Shenyang
54%
Israel Tel Aviv
54%
China Tianjin
54%
India Ahmedabad
50%
Brazil Belo Horizonte
50%
India Jaipur
50%
Afghanistan Kabul
50%
Mexico Monterrey
50%
China Dalian
46%
Saudi Arabia Jeddah
46%
India Pune
46%
Japan Fukuoka
43%
China Qingdao
43%
Cameroon Yaounde
43%
China Zhengzhou
43%
China Changsha
39%
India Surat
39%
China Hefei
36%
China Kunming
32%
China Urumqi
32%
China Changchun
29%
China Jinan
29%
China Ningbo
29%
China Shantou
25%
Taiwan New Taipei
21%
China Dongguan
18%
China Suzhou
18%
China Shijiazhuang
14%
China Foshan
11%
China Haerbin
0%
No matching quizzes found
Score Distribution
Percent of People with Each Score
Percentile by Number Answered
Your Score History
You have not taken this quiz